5HLuxD.jpg

KING HENRY VIII SENIOR AND PRIMARY SCHOOL LIBRARY OPAC

MY FRIEND THE OCTOPUS (Record no. 5322)

000 -LEADER
fixed length control field 00345nam a22001217a 4500
008 - FIXED-LENGTH DATA ELEMENTS--GENERAL INFORMATION
fixed length control field 250904b ||||| |||| 00| 0 eng d
020 ## - INTERNATIONAL STANDARD BOOK NUMBER
International Standard Book Number 9781913696405
082 ## - DEWEY DECIMAL CLASSIFICATION NUMBER
Classification number 823.92 GAL
100 ## - MAIN ENTRY--PERSONAL NAME
Personal name GALVIN,LINDSAY
Relator term AUTHOR
Language of a work ENGLISH
245 ## - TITLE STATEMENT
Title MY FRIEND THE OCTOPUS
260 ## - PUBLICATION, DISTRIBUTION, ETC.
Place of publication, distribution, etc. 2 PALMER STRET,FROME,SOMERSET BA11 1DS
Name of publisher, distributor, etc. CHICKEN HOUSE
Date of publication, distribution, etc. 2022
942 ## - ADDED ENTRY ELEMENTS (KOHA)
Source of classification or shelving scheme
Holdings
Withdrawn status Lost status Source of classification or shelving scheme Damaged status Not for loan Collection code Permanent Location Current Location Shelving location Date acquired Source of acquisition Total Checkouts Full call number Barcode Date last seen Date last checked out Price effective from Koha item type Public note
          Fiction KH8 Primary School Library KH8 Primary School Library Fiction 2025-09-04 SOF 4 823.92 GAL KHPL000007130 2026-03-16 2026-03-09 2025-09-04 Books - Fiction PRIMARY LIBRARY

Powered By KH8 IT Dept